• 首页
  • 本馆介绍
  • 公告通知
  • 最新文献
  • 馆藏检索
  • 电子资源
  • 读者导购
  • 参考咨询
  • 我的图书馆
  • 登录
  • 详细信息显示
  • 放入我的书架
  • 预约/预借图书
  • 作者相关作品
  • 分类相关作品
  • 丛书相关作品
  • 出版社相关作品

书目信息

  • 表格格式
  • 工作单格式
  • 卡片格式
题名:
周易与书法艺术
    
 
作者: 王筱喻 著
分册:  
出版信息: 北京   华龄出版社  2019
页数: 282页
开本: 24cm
丛书名:
单 册:
中图分类: B221.5 , J292.1
科图分类:
主题词:
电子资源:
ISBN: 978-7-5169-1358-1
000 00931nam0 2200265 450
001 010215275
005 20190719143856.0
010    @a978-7-5169-1358-1@dCNY68.00
090    @aB221@bwxy
096    @aB221@bwxy
100    @a20190516d2019 em y0chiy0120 ea
101 0  @achi
102    @aCN@b110000
105    @aa z 000yy
106    @ar
200 1  @a周易与书法艺术@b专著@f王筱喻著@9zhou yi yu shu fa yi shu
210    @a北京@c华龄出版社@d2019
215    @a282页@c图@d24cm
330    @a本书从文字起源和书法艺术这一层面上系统揭示了二者的内在联系和所具有的普遍规律,为当今周易真谛研究的深入和书法艺术奥秘的探索掀开了一个良好的开端,继而为弘扬中华民族灿烂的传统文化,推动当下社会发展和民族振兴做出应有的贡献。
605    @a《周易》@x关系@x书法@x研究
690    @aB221.5@v5
690    @aJ292.1@v5
701  0 @a王筱喻@f(1953~)@4著@9wang xiao yu
801  0 @aCN@bBJXHZP@c20230222
905    @b1394032-5@dB221.5@e1035@f4@S@Z
    
    周易与书法艺术/王筱喻著.-北京:华龄出版社,2019
    282页:图;24cm
    
    
    ISBN 978-7-5169-1358-1:CNY68.00
    本书从文字起源和书法艺术这一层面上系统揭示了二者的内在联系和所具有的普遍规律,为当今周易真谛研究的深入和书法艺术奥秘的探索掀开了一个良好的开端,继而为弘扬中华民族灿烂的传统文化,推动当下社会发展和民族振兴做出应有的贡献。
●
相关链接 在E读中查询图书 在五车中查询图书 在当当中查询图书 在豆瓣中查询图书


正题名:周易与书法艺术     索取号:B221.5/1035         预约/预借

序号 登录号 条形码 馆藏地/架位号 状态 备注
1 1394032   213940324   第一样本阅览室/ [索取号:B221.5/1035] 在馆    
2 1394033   213940333   第一借阅区/ [索取号:B221.5/1035] 在馆    
3 1394034   213940342   第一借阅区/ [索取号:B221.5/1035] 在馆    
4 1394035   213940351   第一借阅区/ [索取号:B221.5/1035] 在馆    
唐山师范学院图书馆 欢迎您!
大连网信软件有限公司© 版权所有